| 000 | 00908nam a22002297a 4500 | ||
|---|---|---|---|
| 999 |
_c3563 _d3563 |
||
| 003 | AR-CdUCM | ||
| 008 | 190306b ||||| |||| 00| 0 spa d | ||
| 040 |
_aMUNICIPALIDAD PROVINCIAL DEL CUSCO _cBIBLIOTECA MUNICIPAL DEL CUSCO |
||
| 082 |
_a373.35 / _bG84 |
||
| 100 |
_aGuarderas, Bolivar _911663 |
||
| 245 | _aLa enseñanza de la ortografía en la escuela primaria / | ||
| 260 |
_aMexico _bLuis Fernandez G. editor, _c1957. |
||
| 300 |
_a220 páginas ; _c17 cm. |
||
| 440 |
_aEnsayos pedagógicos ; _n19 _911664 |
||
| 505 | _aContenido: La ortografía como parte de la gramática -- sentido de la enseñanza de la ortografía en la escuela -- Importancia y fines de la enseñanza de la ortografía ... | ||
| 650 |
_aLengua española _91124 |
||
| 650 |
_aLa ortografía en la escuela primaria _911665 |
||
| 650 |
_aEnseñanza _91616 |
||
| 650 |
_aEstudio _94228 |
||
| 942 |
_2ddc _cLIBROS |
||
| 945 | _acmm | ||